[Event "EICC 2021"]
[Site "Reykjavik"]
[Date "2021.08.27"]
[Round "2.14"]
[White "Kozak, Adam"]
[Black "Yilmaz, Mustafa"]
[Result "1/2-1/2"]
[WhiteElo "2504"]
[BlackElo "2630"]
[Annotator "TA"]
[PlyCount "108"]
[EventDate "2021.08.26"]
[EventType "swiss"]
[EventCountry "ISL"]
[Tiebreak "Cut1 Buchholz"]
[SourceTitle "playchess.com"]
[Source "ChessBase"]
[SourceQuality "1"]

{[%evp 20,108,-33,-50,-60,-61,-13,-17,-17,-13,0,-15,0,0,0,0,0,0,0,0,0,0,0,0,0,
0,0,0,0,0,0,0,0,0,0,-3,0,-14,-14,-20,-12,-9,-6,-9,-4,-4,0,0,0,0,0,-7,-6,-6,-3,
-35,-4,-4,-4,-6,0,0,0,0,0,0,0,0,0,0,0,0,0,0,0,0,0,0,0,0,16,26,20,12,12,12,12,
12,12,12,12]} 1. e4 c5 2. Nf3 d6 3. d4 cxd4 4. Nxd4 Nf6 5. Nc3 a6 6. Bg5 e6 7.
f4 Qb6 8. Qd2 Qxb2 9. Rb1 Qa3 10. e5 h6 11. Bh4 dxe5 {B97: Sicilian Najdorf:
Poisoned Pawn.} 12. fxe5 {[#]} g5 $1 {12...g5 has become a bit dusty these
days.} 13. Bf2 Ng4 14. Bg3 Bg7 15. Bb5+ Nd7 16. Bxd7+ Bxd7 17. Rb3 $1 {[%cal
Rb3a3]} Qa5 18. Rxb7 {[#] Black must now prevent 0-0.} Nxe5 {aiming for ...Rc8.
} 19. O-O {[#] Nb3 is the strong threat.} Rc8 $146 ({Predecessor:} 19... Qc5
20. Ne4 Nc4 21. Nxc5 Nxd2 22. Rxd7 Nxf1 23. Kxf1 O-O 24. Ndb3 Rfc8 25. Ke2 Rc6
{1/2-1/2 (47) Trifan,A (2308)-Womacka,M (2450) Arad 2018}) 20. Nf5 exf5 21.
Bxe5 O-O 22. Bxg7 Kxg7 23. Qd4+ Kg6 24. Nd5 ({Don't play} 24. Rxd7 Qxc3 25. Rf2
Qxd4 $17) 24... Be6 $1 {[%cal Re6d5]} 25. Ne7+ Kh7 26. Nxc8 Rxc8 27. Rb2 $132 {
[%mdl 2048] White puts up resistance} Kg6 28. h3 Rc4 29. Qf2 Re4 30. Rbb1 Qxa2
31. Rbe1 Ra4 32. Re5 f4 33. Rfe1 {Hoping for Qb6.} Rb4 34. Qd2 Qc4 35. Qd6 {
[%cal Re5e6]} Qd4+ 36. Qxd4 Rxd4 $11 {[%mdl 4096] Endgame KRR-KRB} 37. R5e4 Rd6
(37... Rd2 {feels hotter.} 38. R1e2 Rd6 39. h4 Rc6 40. Rd2 Kf5) 38. Ra4 Rc6 39.
c4 Kf6 ({Don't blunder} 39... Bxc4 $2 40. Rc1 $18) 40. Rc1 Bd7 41. c5 Re6 42.
Rd4 Bb5 43. Rd8 a5 44. Ra8 a4 45. Rb1 Bc6 46. Ra6 Ke5 47. Rd1 h5 48. Ra7 f5 49.
Ra6 h4 50. Re1+ Be4 51. c6 {Threatens to win with c7!The position is equal.}
Re7 52. Rxa4 Rc7 53. Ra6 Kd6 54. Rd1+ Ke5 {Weighted Error Value: White=0.02/
Black=0.03} 1/2-1/2

[Event "EICC 2021"]
[Site "Reykjavik"]
[Date "2021.08.27"]
[Round "2.15"]
[White "Hovhannisyan, Robert"]
[Black "Druska, Juraj"]
[Result "1-0"]
[WhiteElo "2626"]
[BlackElo "2493"]
[Annotator "TA"]
[PlyCount "83"]
[EventDate "2021.08.26"]
[EventType "swiss"]
[EventCountry "ISL"]
[Tiebreak "Cut1 Buchholz"]
[SourceTitle "playchess.com"]
[Source "ChessBase"]
[SourceQuality "1"]

{[%evp 12,83,15,17,35,18,21,21,21,24,15,22,14,10,38,25,18,18,18,18,14,0,10,9,
38,38,38,-37,-38,-29,38,45,40,54,52,12,12,6,6,6,5,0,0,0,8,0,0,0,0,0,0,0,0,0,0,
0,0,0,0,0,0,0,8,8,29980,29981,29982,29983,29983,29984,29984,29985,29984,29984]
} 1. e4 e6 2. d4 d5 3. Nc3 Nf6 4. Bg5 dxe4 5. Nxe4 Nbd7 6. Nf3 h6 7. Bxf6 Nxf6
{C13: French: Classical System: 4 Bg5 Be7, Alekhine-Chatard Attack.} 8. Bd3
Nxe4 9. Bxe4 c5 {The position is equal.} 10. Qe2 Qa5+ 11. c3 cxd4 12. Nxd4 Be7
{[#]} 13. Nc6 $1 Qc7 14. Nxe7 Kxe7 15. O-O-O Bd7 16. Rd2 Rhd8 17. Qg4 {[#]} Kf8
$146 (17... Be8 {seems wilder.} 18. Rhd1 Qc4 19. Rd4 Rxd4 20. Rxd4 Qf1+) ({
Predecessor:} 17... Bb5 18. Rhd1 Rxd2 {1/2-1/2 (18) Hauenstein,H (2428)
-Galanov,S (2597) ICCF email 2011}) 18. Rhd1 Bc6 {Strongly threatening ...Rxd2.
} 19. Rd4 (19. Rxd8+ $14 Rxd8 20. Rxd8+ Qxd8 21. Bxc6 bxc6 22. Qb4+ Kg8 23. Kc2
) 19... Rxd4 $15 20. Rxd4 Rd8 (20... Qxh2 $11 21. Bxc6 bxc6) 21. Rxd8+ $14 Qxd8
22. Bxc6 bxc6 {[%mdl 4096] Endgame KQ-KQ} 23. Kc2 (23. Qb4+ {keeps more
tension.} Ke8 24. Kc2 f6 25. h4 Qc8 26. Qa5) 23... Qb6 24. Qd4 (24. Qf4 {
feels hotter.} g5 25. Qd4 Qxd4 26. cxd4 Ke8 27. Kb3) 24... Qxd4 25. cxd4 $11 {
KP-KP} Ke7 26. Kc3 Kd6 27. Kc4 g5 28. f3 h5 29. g3 e5 30. b4 f5 $1 31. Kd3 Kd5
32. dxe5 Kxe5 33. Ke3 Kd5 {White should prevent ...Kc4.} 34. f4 gxf4+ (34... g4
$5 35. Kd3 $8 a6 $11) 35. Kxf4 Kc4 36. Kxf5 Kxb4 {K3P-K3P} 37. Ke4 {aiming for
h3.} Kc3 $2 {[%mdl 8192] [#] A mistake that costs the game.} (37... c5 $11) 38.
h4 $1 {White mates.} c5 {[#]} 39. g4 $1 hxg4 40. h5 g3 41. Kf3 g2 42. Kxg2 {
Weighted Error Value: White=0.07/Black=0.26} 1-0

[Event "EICC 2021"]
[Site "Reykjavik"]
[Date "2021.08.27"]
[Round "2.16"]
[White "Budisavljevic, Luka"]
[Black "Durarbayli, Vasif"]
[Result "1/2-1/2"]
[WhiteElo "2495"]
[BlackElo "2625"]
[Annotator "TA"]
[PlyCount "133"]
[EventDate "2021.08.26"]
[EventType "swiss"]
[EventCountry "ISL"]
[Tiebreak "Cut1 Buchholz"]
[SourceTitle "playchess.com"]
[Source "ChessBase"]
[SourceQuality "1"]

{[%evp 12,133,2,8,6,8,2,20,27,11,12,23,9,14,20,0,22,12,19,16,23,19,18,10,18,24,
12,0,7,11,21,0,4,0,0,0,0,0,0,0,0,0,0,0,2,-201,-187,-450,-137,-189,-52,-120,
-116,-119,-112,-109,-107,-104,-110,-112,-112,-113,-104,-104,-68,-83,-68,-94,
-88,-89,-89,-118,-86,-94,-95,-94,-95,-97,-94,-102,-100,-98,-75,-128,-128,-114,
-110,-132,-126,-126,-126,-129,-127,-115,-85,-85,-78,-78,-78,-80,-86,-97,0,0,0,
0,0,0,0,0,0,0,0,0,0,0,0,0,0,0,0,0,0,0]} 1. d4 Nf6 2. c4 e6 3. Nf3 b6 4. Bf4 Bb7
5. e3 Bb4+ 6. Nfd2 O-O 7. a3 Bd6 {E12: Queen's Indian: Unusual White 4th moves,
4 a3, 4 Nc3 Bb7 5 a3 and 4 Nc3 Bb7 .} (7... Be7 {is interesting.} 8. Nc3 Re8 9.
Bg3 d6 10. h3 a6) 8. Bxd6 cxd6 9. Nc3 {[#]} Qe7 $146 ({Predecessor:} 9... d5
10. Qf3 Na6 11. Be2 Qb8 12. Qh3 Nc7 13. O-O dxc4 14. Bxc4 Ncd5 15. Ne2 Rc8 {
1-0 (37) Moradiabadi,E (2537)-Kraai,J (2493) Dulles 2018}) 10. Qc2 d5 11. cxd5
Nxd5 12. Nxd5 Bxd5 13. e4 Bb7 14. Qc7 Bc6 15. Bd3 f5 16. O-O fxe4 17. Nxe4 Bd5
$1 18. Nc3 Nc6 19. Nxd5 exd5 20. Rae1 Qf7 21. Rd1 Rae8 22. Qg3 Re6 23. b4 Qf6
24. Bb1 Nxd4 {Hoping for ...Ne2+.} 25. Qd3 Ne2+ ({Much worse is} 25... Re4 $6
26. f3 $16) 26. Kh1 Qh4 27. Ba2 Nf4 $36 {[%mdl 2048] Black has some pressure.}
28. Qg3 (28. Qf3 $1 $11) 28... Qh5 $19 29. Rfe1 $2 {[#]} (29. Bb3 {was
necessary.}) 29... Rf5 $2 (29... Rfe8 $1 $19 {and Black stays clearly on top.}
30. f3 Ne2) 30. f3 (30. h3 $17 {might work better.}) 30... h6 (30... Qh6 $19 {
Strongly threatening ...Rg6.} 31. Rxe6 dxe6) 31. Qf2 {[#]} ({White should play
} 31. Rxe6 $1 $15 dxe6 32. Bb1) 31... Rxe1+ $1 $17 32. Qxe1 {[#]} Nxg2 {
[%mdl 512]} 33. Rxd5 (33. Bxd5+ Rxd5) 33... Rxd5 (33... Nxe1 $2 {too greedy.}
34. Rxf5+ Kh8 35. Rxh5 $18) 34. Kxg2 Kf8 35. Bxd5 Qxd5 {[%mdl 4096] Endgame
KQ-KQ} 36. Qc3 a5 37. bxa5 bxa5 38. Kf2 Kf7 39. Qe3 d6 40. Qf4+ Ke7 41. Qh4+
Qg5 42. Qa4 Qd2+ 43. Kg3 Qe1+ 44. Kg2 Qe2+ 45. Kg3 Qe5+ 46. Kg2 Kf6 47. Qb3 (
47. h4 $142) 47... Qe2+ 48. Kg3 h5 49. Qa4 Qe1+ 50. Kg2 Qd2+ 51. Kf1 g5 52. h4
Qd5 53. hxg5+ Kxg5 54. Kg2 Qd2+ 55. Kh3 Qe1 56. Kg2 d5 (56... Qc3 $17 57. Kg3
Qe1+ 58. Kg2 Qc3) 57. Qd4 $1 $11 {The position is equal.} Qe6 (57... Qe2+ {
with more complications.} 58. Kg3 Kf5 59. Qf4+ Ke6 60. Qh6+ Kd7) 58. Qd2+ Kf5
59. Qd3+ Kf6 60. Qc3+ Qe5 61. Qxa5 Qe2+ 62. Kg3 h4+ (62... Qe6 {feels hotter.}
63. Qd8+ Kg6 64. Kf2 Qe5 65. a4 Qh2+) 63. Kxh4 {aiming for Qd8+.} Qxf3 64. Qd8+
Ke5 65. Qe7+ Kd4 {...Qe4+ is the strong threat.} 66. Qb4+ Ke5 {And now ...Qf4+
would win.} 67. Qe7+ {Whites escaped into a draw.  Weighted Error Value:
White=0.16/Black=0.17} 1/2-1/2

[Event "EICC 2021"]
[Site "Reykjavik"]
[Date "2021.08.27"]
[Round "2.17"]
[White "Ter-Sahakyan, Samvel"]
[Black "Kobo, Ori"]
[Result "1/2-1/2"]
[WhiteElo "2624"]
[BlackElo "2490"]
[Annotator "TA"]
[PlyCount "88"]
[EventDate "2021.08.26"]
[EventType "swiss"]
[EventCountry "ISL"]
[Tiebreak "Cut1 Buchholz"]
[SourceTitle "playchess.com"]
[Source "ChessBase"]
[SourceQuality "1"]

{[%evp 24,88,4,0,35,0,0,0,0,0,0,-10,0,-32,18,0,0,0,0,0,0,0,0,-7,0,0,0,-16,-12,
-32,-31,-25,-18,-20,0,-30,-16,-17,-12,-6,-4,-17,-17,-16,-12,-13,0,-21,-8,-20,
-13,-27,-5,-5,-5,-29,-21,-45,-45,-45,-39,-45,-43,-53,-53,-53,-53]} 1. e4 e5 2.
Nf3 Nc6 3. Bb5 a6 4. Ba4 Nf6 5. O-O Be7 6. Re1 b5 7. Bb3 O-O 8. a4 Bb7 9. d3 d6
10. Nc3 Na5 11. Ba2 b4 12. Ne2 {[%cal Bc3e2,Be2g3,Bg3f1,Bf1e3,Be3d5][%mdl 32]}
c5 {12...Rb8 is vanishing.} 13. c3 Qb6 {[#] C88: Closed Ruy Lopez:
Anti-Marshall Systems.} 14. cxb4 $146 ({Predecessor:} 14. Ng3 b3 15. Bb1 Rfe8
16. Nf5 h6 17. N3h4 Bf8 18. Qf3 d5 19. Qg3 Kh8 20. Nf3 dxe4 21. dxe4 {1-0 (34)
Boesenberg,E (2275)-Ferre Perez,A (2375) ICCF corr 1998}) 14... Qxb4 15. Ng3
Bc8 {The position is equal.} 16. Bd2 Qb6 17. Nh4 g6 18. Nf3 Ne8 19. Nf1 Nc6 20.
Bh6 Ng7 $1 21. Ne3 Rb8 22. Bc4 Qd8 23. b3 Re8 24. Nd5 Ne6 25. Bd2 Nc7 26. Bc3
Nxd5 27. Bxd5 Nb4 28. Bc4 Bg5 29. h3 Bh6 30. Nh2 Be6 31. Ng4 Bg5 32. Re2 h5 33.
Ne3 Bxe3 34. Rxe3 d5 35. exd5 Nxd5 36. Bxd5 Bxd5 37. Rb1 Qg5 {[%csl Gd5][%cal
Rg5g2] [#]} 38. Rg3 Qf5 39. Re3 h4 (39... f6 {keeps more tension.} 40. b4 cxb4
41. Rxb4 Rxb4 42. Bxb4 Rb8) 40. Qg4 Qxg4 {Black is slightly better.} 41. hxg4
f6 42. g5 fxg5 43. Rxe5 Rxe5 44. Bxe5 Rxb3 {Weighted Error Value: White=0.09/
Black=0.06} 1/2-1/2

[Event "EICC 2021"]
[Site "Reykjavik"]
[Date "2021.08.27"]
[Round "2.18"]
[White "Sebenik, Matej"]
[Black "Fridman, Daniel"]
[Result "0-1"]
[WhiteElo "2492"]
[BlackElo "2621"]
[Annotator "TA"]
[PlyCount "96"]
[EventDate "2021.08.26"]
[EventType "swiss"]
[EventCountry "ISL"]
[Tiebreak "Cut1 Buchholz"]
[SourceTitle "playchess.com"]
[Source "ChessBase"]
[SourceQuality "1"]

{[%evp 15,96,16,21,16,26,20,29,5,26,0,18,0,34,38,35,35,33,30,39,37,38,37,45,28,
28,26,25,0,0,0,0,-20,-21,-16,-18,-20,8,0,0,-7,0,0,0,0,-15,-16,-16,-16,-16,-41,
-46,-48,-48,-48,-49,-66,-27,-67,0,0,0,0,0,-7,0,0,0,0,0,0,0,-8,-8,-8,-8,-8,-8,
-45,-44,-156,-158,-158,-167]} 1. d4 d5 2. c4 e6 3. Nf3 Nf6 4. Nc3 c6 5. e3 a6
6. b3 Bb4 7. Bd2 Nbd7 {7...0-0 injects fresh life into this line.} 8. Bd3 O-O
9. O-O {D45: Semi-Slav: 5 e3.} Bd6 10. Qc2 h6 11. Ne2 {White has an edge. was
the old line (11.Rad1).} Re8 12. Ng3 (12. Bc3 {with more complications.} e5 13.
dxe5 Nxe5 14. Nxe5 Bxe5 15. Bxe5 Rxe5 16. h3) 12... e5 {Hoping for ...e4.} 13.
cxd5 {[#]} cxd5 $5 $146 {[%mdl 8] Strongly threatening ...e4. New and
interesting.} ({Predecessor:} 13... Nxd5 14. Rad1 exd4 15. Nxd4 Nb4 16. Bh7+
Kh8 17. Qb1 Nd5 18. Bf5 Qc7 19. Rfe1 N7f6 {1-0 (31) Gelfand,B (2723)-Sokolov,I
(2689) Wijk aan Zee 2006}) 14. dxe5 Nxe5 15. Nxe5 Bxe5 16. Bc3 Qc7 17. Rac1 Bd7
18. Bxe5 Qxe5 19. Qc3 Qxc3 20. Rxc3 Rac8 21. Rfc1 Rxc3 22. Rxc3 d4 23. exd4
Re1+ 24. Bf1 $1 Ra1 25. Rc7 b5 26. f3 Rxa2 27. Ne4 {Threatens to win with
Nxf6+.} Be6 28. Nc5 Nd5 29. Ra7 Nb4 30. Nd3 Nc6 31. Ra8+ Kh7 32. Nc5 Nxd4 33.
Nxe6 fxe6 $15 {[%mdl 4096] Endgame KRB-KRN} 34. Bd3+ g6 $1 35. Ra7+ Kh8 $1 36.
b4 Rb2 (36... g5 $1 $15) 37. Bxg6 $11 ({But not} 37. Rxa6 Kg7 $17) 37... Rxb4
38. Rxa6 Rb2 39. Be4 b4 {[%cal Bb5b4,Bb4b3,Bb3b2][%mdl 32]} 40. Ra7 b3 41. h4
Ne2+ 42. Kf2 Nc3+ 43. Kg3 Re2 44. Rb7 b2 45. Bg6 e5 46. Bd3 Rd2 47. Bf5 {[#]} (
47. Be4 $15) 47... h5 $1 $17 48. Kh3 {[#]} Ne2 $1 {Weighted Error Value:
White=0.12/Black=0.05} 0-1

[Event "EICC 2021"]
[Site "Reykjavik"]
[Date "2021.08.27"]
[Round "2.19"]
[White "Maurizzi, Marc Andria"]
[Black "Svane, Rasmus"]
[Result "0-1"]
[WhiteElo "2488"]
[BlackElo "2615"]
[Annotator "TA"]
[PlyCount "46"]
[EventDate "2021.08.26"]
[EventType "swiss"]
[EventCountry "ISL"]
[Tiebreak "Cut1 Buchholz"]
[SourceTitle "playchess.com"]
[Source "ChessBase"]
[SourceQuality "1"]

{[%evp 9,46,20,22,2,12,8,14,-10,-6,-14,-2,0,0,-18,-6,-29,-20,-16,-25,-25,-22,
-48,-45,-30,-39,-129,-119,-264,-233,-322,-322,-583,-583,-803,-789,-1080,-1077,
-1001,-310]} 1. e4 e5 2. Nf3 Nc6 3. Bb5 a6 4. Ba4 Nf6 5. d3 Bc5 6. Bg5 {
C77: Ruy Lopez: 3...a6 4 Ba4 Nf6, unusual lines.} h6 7. Bh4 d6 8. c3 {The
position is equal.} g5 9. Bg3 Ba7 10. Nbd2 Bd7 11. Nf1 Ne7 12. Ne3 {[#]} Bxa4
$5 $146 {[%mdl 8] An interesting novelty.} ({Predecessor:} 12... Ng6 13. Bb3
Qe7 14. Qc2 O-O-O 15. O-O-O Nf4 16. Rhe1 N4h5 {1/2-1/2 (43) Naiditsch,A (2701)
-Vitiugov,N (2735) Karlsruhe/Baden-Baden 2018}) 13. Qxa4+ Qd7 14. Qb3 O-O-O 15.
Qxf7 Rdf8 16. Qb3 h5 {...Bxe3 is the strong threat.} 17. h4 ({Don't go for} 17.
Nxg5 $2 h4 $19) (17. O-O-O $1 $15) 17... Bxe3 $17 18. fxe3 {Loses the game.} (
18. hxg5 $17 Nh7 19. fxe3) 18... Qg4 $19 19. Rh3 {[#]} Nxe4 $1 20. Nxe5 $2 (20.
dxe4 Rxf3 {[%mdl 64] Double Attack} 21. Bxe5 Rxh3 22. gxh3 Qxh4+ 23. Ke2 dxe5
24. Qe6+ Kb8 25. Qxe7) 20... Qf5 {[%csl Gf8][%cal Rf5f1] Black is clearly
winning.} 21. Nf3 Nc5 22. Qc4 g4 23. e4 Qe6 $2 {Weighted Error Value: White=0.
74/Black=0.01} (23... Qg6 24. Ng5 gxh3) 0-1

[Event "EICC 2021"]
[Site "Reykjavik"]
[Date "2021.08.27"]
[Round "2.20"]
[White "Erdos, Viktor"]
[Black "Vrolijk, Liam"]
[Result "1-0"]
[WhiteElo "2614"]
[BlackElo "2480"]
[Annotator "TA"]
[PlyCount "93"]
[EventDate "2021.08.26"]
[EventType "swiss"]
[EventCountry "ISL"]
[Tiebreak "Cut1 Buchholz"]
[SourceTitle "playchess.com"]
[Source "ChessBase"]
[SourceQuality "1"]

{[%evp 17,93,0,0,0,0,0,0,0,10,0,0,0,0,0,16,18,18,12,12,8,18,17,40,19,48,47,63,
71,91,67,93,37,54,23,30,25,23,22,69,69,66,74,112,120,129,97,197,197,195,195,
162,58,131,127,216,117,126,68,68,68,68,68,146,136,142,73,112,111,108,77,124,74,
151,135,215,183,1938,1432]} 1. e4 e5 2. Nf3 Nc6 3. Bc4 Bc5 4. c3 Nf6 5. d4 exd4
6. e5 d5 7. Bb5 Ne4 8. cxd4 Bb6 9. Nc3 O-O 10. Be3 {C54: Giuoco Piano: 4 c3
Nf6, main lines with 5 d4 and 5 d3.} Bg4 11. h3 Bh5 12. Qc2 {The position is
equal.} Bg6 13. Qb3 Ne7 14. O-O c6 {Hoping for ...Nxc3.} 15. Bd3 Nd2 16. Nxd2 {
Strongly threatening Bxg6.} Bxd3 17. Rfe1 Bg6 18. Na4 $5 {[%mdl 4] A promising
side line.} Nf5 19. Nf3 {[#]} Qc7 $146 ({Predecessor:} 19... f6 20. Nxb6 Qxb6
21. Qc3 Rae8 22. Bf4 fxe5 23. Bxe5 Qd8 24. Re2 Rf7 25. Rae1 Rfe7 {1/2-1/2 (31)
Liang,A (2590)-Nakamura,H (2746) Saint Louis 2019}) 20. Rac1 Rad8 21. Nxb6 axb6
22. Bg5 f6 23. Bf4 b5 24. Qb4 (24. g4 $16) 24... fxe5 25. Bxe5 Qd7 26. a4 bxa4
27. Qxa4 Ra8 28. Qb4 Rfe8 29. Ra1 b5 30. Qc5 Qb7 31. Kh2 Rxa1 (31... Ra4 $16 {
was worth a try.}) 32. Rxa1 $18 {Ra7 is the strong threat.} Ra8 33. Rxa8+ Qxa8
34. Qb6 ({Better is} 34. g4 $18 Nh6 35. Qe7) 34... Qe8 (34... Qc8 $1 $14) 35.
Qc7 $16 Bf7 {[#]} (35... Ne7 $16 {might work better.}) 36. Nd2 (36. Ng5 $1 $18)
36... Be6 37. Nb3 (37. g4 $16 Ne7 38. f4) 37... Qc8 38. Qa7 {Black must now
prevent g4.} Qd7 39. Qb6 h6 (39... h5 $14) 40. Nc5 Qc8 41. Na6 (41. g4 $142 Nh4
42. Kg3) 41... Ne7 42. Nb8 Bf7 43. Qc5 Qd8 44. Qd6 Qe8 (44... Qxd6 $142 45.
Bxd6 Nc8) 45. Nd7 {aiming for Nf6+!} Nc8 (45... Ng6 $16 46. Qxc6 Kh8) 46. Qxc6
$18 Nb6 $2 {[#]} (46... b4 47. Qc7 b3) 47. Nf6+ $1 {[%mdl 512] Weighted Error
Value: White=0.17/Black=0.24} 1-0

[Event "EICC 2021"]
[Site "Reykjavik"]
[Date "2021.08.27"]
[Round "2.21"]
[White "Gavrilescu, David"]
[Black "Bartel, Mateusz"]
[Result "1/2-1/2"]
[WhiteElo "2477"]
[BlackElo "2611"]
[Annotator "TA"]
[PlyCount "64"]
[EventDate "2021.08.26"]
[EventType "swiss"]
[EventCountry "ISL"]
[Tiebreak "Cut1 Buchholz"]
[SourceTitle "playchess.com"]
[Source "ChessBase"]
[SourceQuality "1"]

{[%evp 9,64,8,17,11,17,0,0,0,0,0,22,11,27,-19,0,0,0,0,0,-98,-113,-112,-105,
-104,-107,-119,-117,-123,-120,-125,-118,-115,-110,-100,-75,-91,-23,-45,-40,-29,
-34,-25,0,-57,-54,-51,0,0,0,0,0,0,132,97,98,111,102]} 1. e4 c6 2. Nf3 d5 3. d3
g6 4. e5 Bg7 5. d4 f6 6. exf6 {B10: Caro-Kann: 2 d3 and 2 c4.} Nxf6 7. Bd3 {[#]
} O-O $146 ({Predecessor:} 7... c5 8. dxc5 Nbd7 9. Bb5 Qa5+ 10. Nc3 Ne4 11.
Bxd7+ Bxd7 12. O-O Nxc3 13. bxc3 Qxc3 {0-1 (26) Chigaev,M (2588)-Kobalia,M 
(2614) Chess.com INT 2020}) 8. O-O {The position is equal.} c5 9. dxc5 Nc6 10.
c4 d4 11. a3 a5 12. Nbd2 Bf5 13. Qe2 Nd7 14. Ne4 (14. Bxf5 $11 {remains equal.}
Rxf5 15. Ne4) 14... Bg4 $1 $17 15. Neg5 Nce5 16. Be4 Nxc5 17. Bd5+ e6 18. Nxe6
{[#]} Nxf3+ $1 ({Of course not} 18... Bxe6 $6 19. Bxe6+ Nxe6 20. Nxe5 $11) 19.
gxf3 Bxe6 20. Bxe6+ {[#]} Kh8 $1 21. Bd5 Nb3 22. Rb1 Nxc1 (22... Rf5 $17 23. f4
(23. Bxb7 $2 d3 $19) 23... Qc7) 23. Rfxc1 $11 Qh4 24. Re1 Rf5 {Hoping for ...
Rg5+.} 25. Qe7 Qh5 26. Kh1 ({But not} 26. Qxb7 Raf8 $15) (26. Bxb7 $11 Raf8 27.
Qd6) 26... Raf8 $1 $15 27. Rg1 Rxd5 ({Black should try} 27... b5 $15 28. b3 Re5
{[%mdl 64] Remove Defender}) 28. cxd5 $11 Qxf3+ 29. Rg2 Qxd5 {Black wants to
play ...Rxf2.} 30. Rc1 d3 (30... Qf3 $11) 31. Rc7 $16 {[%csl Gc7][%cal Re7g7]}
Rg8 {Threatens to win with ...d2.} 32. Rd7 Qc6 {Weighted Error Value: White=0.
13/Black=0.13} 1/2-1/2

[Event "EICC 2021"]
[Site "Reykjavik"]
[Date "2021.08.27"]
[Round "2.22"]
[White "Kjartansson, Gudmundur"]
[Black "Piorun, Kacper"]
[Result "0-1"]
[WhiteElo "2470"]
[BlackElo "2608"]
[Annotator "TA"]
[PlyCount "146"]
[EventDate "2021.08.26"]
[EventType "swiss"]
[EventCountry "ISL"]
[Tiebreak "Cut1 Buchholz"]
[SourceTitle "playchess.com"]
[Source "ChessBase"]
[SourceQuality "1"]

{[%evp 14,146,14,11,18,12,19,3,4,0,0,0,4,0,8,5,19,6,33,27,17,25,27,11,21,26,34,
31,50,42,70,32,47,53,73,0,0,0,0,0,0,-6,-12,-112,0,-16,-8,-15,0,-33,-33,-38,-27,
-29,-35,-23,-15,-63,-34,-33,-33,-120,-121,-206,-212,-268,-262,-255,-241,-248,
-229,-254,-251,-341,-326,-393,-366,-407,-399,-5066,-427,-425,-441,-441,-430,
-431,-432,-432,-429,-420,-407,-384,-272,-540,-556,-535,-554,-582,-691,-672,
-680,-632,-614,-574,-493,-1036,-1036,-985,-973,-842,-836,-1085,-913,-1230,
-1206,-714,-1713,-1580,-1389,-1470,-1283,-2620,-2556,-29957,-29959,-29962,
-29958,-29959,-29961,-29968,-29962,-6079,-11652,-6087,-5485]} 1. d4 Nf6 2. c4
e6 3. Nf3 b6 4. g3 Ba6 5. Qc2 Bb7 6. Bg2 Bb4+ 7. Nbd2 Be4 8. Qb3 {8.Qd1
deserves study.} a5 $5 {[%mdl 4] A promising side line. E15: Queen's Indian: 4
g3 sidelines, 4 g3 Ba6 and 4 g3 Bb7 early deviations.} 9. O-O Bxd2 10. Bxd2 O-O
{The position is equal.} 11. Qe3 d6 12. Bc3 Nbd7 13. Rfd1 Qb8 {[#]} 14. a4 $146
({Predecessor:} 14. Nh4) 14... Qb7 15. b3 Ng4 16. Qg5 Ngf6 17. Rac1 h6 18. Qd2
Rfe8 19. Bh3 Rad8 20. Ne1 d5 21. f3 Bh7 22. Nd3 dxc4 23. bxc4 Qc6 24. Qa2 (24.
e4 $16) 24... Bxd3 $11 25. Rxd3 e5 $1 26. d5 Qc5+ 27. Kh1 e4 28. Bd4 Qd6 (28...
exd3 $17 29. Bxc5 Rxe2) 29. Rdc3 exf3 30. exf3 Nc5 31. f4 Re4 $36 {[%mdl 2048]
White is under pressure.} 32. Be5 Rxe5 33. fxe5 Qxe5 34. Rf3 Re8 35. Bg2 Re7
36. Qa1 Qe2 37. Rxf6 {Black converts the advantage convincingly.} (37. d6 $15
cxd6 38. Qd4) 37... Nb3 $1 $17 {[%cal Rb3a1,Bc5b3,Bb3c1,Bc1d3][%mdl 96] Double
Attack} (37... gxf6 $6 38. Qxf6 Qe5 39. Qxh6 $15) 38. Qc3 (38. Bf1 $17 Qe4+ 39.
Bg2) 38... Nxc1 $19 39. Rf1 Nd3 40. Qd4 Ne1 {[%csl Ge1][%cal Re2g2]} 41. Rf2
Qd3 {[%cal Rd3d4]} 42. Qg4 Nc2 {( -> ...Re1+)} 43. h3 Ne3 {[%mdl 64] Double
Attack} 44. Qc8+ Kh7 45. Qf8 Nf5 46. Rf3 $2 (46. Rxf5 Re1+ 47. Rf1 Rxf1+ 48.
Bxf1 Qxf1+ {[%mdl 64] Double Attack} 49. Kh2) 46... Re3 (46... Re1+ $142 47.
Kh2 Qd4 48. Bf1 Qd2+ 49. Bg2 {[#]} Re2 $1 50. h4 Rxg2+ 51. Kh3 h5 $1 52. Qh8+
Kxh8 53. Rf2 Rxf2 54. g4 Rh2#) 47. Rxe3 Qxe3 (47... Nxe3 $2 48. Qxf7 Qd1+ 49.
Kh2 $19) 48. Qxf7 Qe1+ 49. Kh2 Qxg3+ 50. Kh1 Qe1+ 51. Kh2 Qe5+ ({Not} 51...
Qg3+ 52. Kh1 $19) 52. Kg1 Nh4 53. d6 $2 (53. Kh1) 53... Qg5 {[%csl Gh4][%cal
Rg5g2]} 54. Qd5 Qxd5 ({Avoid the trap} 54... Qxg2+ $2 55. Qxg2 Nxg2 56. dxc7
$18) ({But not} 54... Nxg2 $2 55. Qxg5 hxg5 56. dxc7 $18) 55. Bxd5 cxd6 {
[%mdl 4096] Endgame KB-KN} 56. Be4+ g6 57. Kf2 Kg7 58. Ke3 Nf5+ 59. Kd3 (59.
Kf4 $142 Nd4 60. Bh1) 59... Kf6 60. Bc6 Ke5 61. Be8 g5 62. Bg6 Nd4 63. Be8 Ne6
64. Ke3 Nf4 (64... Nc5 $142 65. Bc6 h5) 65. Bd7 h5 66. Bc8 Ne6 67. Bd7 g4 68.
hxg4 hxg4 69. Bc6 Nc5 70. Bb5 g3 71. Kf3 Ne4 72. Bc6 {[#]} Kd4 $1 73. Bd5 (73.
Bd7 Kxc4) 73... Nc3 {Weighted Error Value: White=0.46/Black=0.22} 0-1